| 000 | 00526nam a22001817a 4500 | ||
|---|---|---|---|
| 090 | _c10088 | ||
| 008 | 080807t xxu||||| |||| 00| 0 eng d | ||
| 020 | _a811578942578 | ||
| 082 |
_a621.381 _bRAM |
||
| 100 |
_953 _aRamaswamy, M. |
||
| 245 |
_aDesign And Production Process / _cM.Ramaswamy. |
||
| 250 |
_a3rd ed. _bRevised ed. |
||
| 260 |
_aDelhi: _bS.K. Kataria & Sons,c.1994. _cc.1994. |
||
| 300 |
_a138p: _bill, _c25cm. |
||
| 500 | _aIncludes Index. | ||
| 650 |
_957 _a Microelectronics --Materials |
||
| 942 |
_2ddc _cARCH |
||
| 999 |
_c10088 _d10088 |
||